[Event "Arizona Senior op"]
[Site "Tucson"]
[Date "2010.11.13"]
[Round "3"]
[White "Cordell, Charles"]
[Black "Lower, Spencer R"]
[Result "0-1"]
[WhiteElo "1872"]
[BlackElo "2207"]
[PlyCount "56"]
[EventDate "2010.11.13"]
[EventType "swiss"]
[EventRounds "5"]
[EventCountry "USA"]
[SourceTitle "EXT 2014"]
[Source "ChessBase"]
[SourceDate "2013.11.20"]
[SourceVersion "1"]
[SourceVersionDate "2013.11.20"]
[SourceQuality "1"]

1. f4 g6 2. Nf3 Bg7 3. e4 d6 4. Nc3 c5 5. d3 Nc6 6. Be3 Nd4 7. Be2 e6 8. 0-0 Ne7 9. Qd2 0-0 10. g4 f5 11. gxf5 exf5 12. Rf2 d5 13. Bxd4 cxd4 14. Nxd5 Nxd5 15. exd5 Qxd5 16. c4 dxc3 17. bxc3 Bd7 18. Bd1 Kh8 19. Bb3 Qa5 20. Rc1 Bc6 21. d4 Bxf3 22. Rxf3 Rae8 23. Re3 Re4 24. Rxe4 fxe4 25. Qe3 Bh6 26. Rf1 Qf5 27. Bc2 Bxf4 28. Qxe4 Be3+ 0-1

[Event "Arizona Senior op"]
[Site "Tucson"]
[Date "2010.11.13"]
[Round "1"]
[White "Wood, Gabriel1111"]
[Black "Cordell, Charles"]
[Result "0-1"]
[WhiteElo "1392"]
[BlackElo "1872"]
[PlyCount "74"]
[EventDate "2010.11.13"]
[EventType "swiss"]
[EventRounds "5"]
[EventCountry "USA"]
[SourceTitle "EXT 2014"]
[Source "ChessBase"]
[SourceDate "2013.11.20"]
[SourceVersion "1"]
[SourceVersionDate "2013.11.20"]
[SourceQuality "1"]

1. e4 d6 2. Nf3 Nf6 3. d3 g6 4. Be2 Bg7 5. c3 c5 6. Ng5 h6 7. Nf3 Nc6 8. 0-0 0-0 9. Nbd2 b5 10. Re1 a5 11. Nh4 d5 12. Bf3 e6 13. exd5 Nxd5 14. Bxd5 exd5 15. Nhf3 a4 16. a3 Bf5 17. Nf1 Re8 18. Ng3 Bg4 19. Bd2 Ne5 20. h3 Bxf3 21. gxf3 Nxd3 22. Rxe8+ Qxe8 23. Qf1 Nxb2 24. Re1 Qc6 25. Kg2 Nc4 26. Bc1 Bxc3 27. Re2 Bg7 28. Qe1 Nd6 29. h4 Re8 30. h5 Rxe2 31. Qxe2 Qe8 32. Qc2 Nc4 33. hxg6 fxg6 34. f4 Qc6 35. Kf1 b4 36. axb4 cxb4 37. f5 Ne3+ 0-1